| 000 | 00951nam a2200217Ii 4500 | ||
|---|---|---|---|
| 003 | JO-AjNU | ||
| 008 | 230605s9999||||xx |||||||||||||| ||und|| | ||
| 017 | _a2012/7777 | ||
| 020 | _a978-977-305-294-0 | ||
| 040 |
_aJO-AjNU _bara _erda _cJO-AjNU |
||
| 041 | _aara | ||
| 050 | 1 | 4 | _aBP152.I2672 2012 |
| 100 | 3 |
_aإبن نجيم، زين الدين بن إبراهيم؛ قرأه واعتنى به خالد محمد سعيد؛ مراجعة طه عبد الرءوف سعد, _eauthor _944259 |
|
| 245 | 0 | 0 | _aالأشباه والنظائر في قواعد وفروع فقه الحنفه ويليه وصية الإمام أبي حنفية النعمان |
| 264 | 3 | 1 | _aالقاهرة: المكتبة الازهرية للتراث، 2012 |
| 300 | _a474ص | ||
| 336 |
_atext _btxt _2rdacontent |
||
| 337 |
_aunmediated _bn _2rdamedia |
||
| 338 |
_avolume _bnc _2rdacarrier |
||
| 650 | 4 |
_aالفقه الحنفي - القياس - اصول الفقه _944260 |
|
| 999 |
_aA19096 _c22664 _d22664 |
||